Normal view
MARC view
- PROJECT SUPERVISORS DR. HASAN AFTAB SAEED YASSER RIAZ AWAN
Entry Personal Name
001 - CONTROL NUMBER
- control field: 71086
003 - CONTROL NUMBER IDENTIFIER
- control field: NUST
005 - DATE AND TIME OF LATEST TRANSACTION
- control field: 20210628204606.0
008 - FIXED-LENGTH DATA ELEMENTS
- fixed length control field: 210628|| aca||aabn | a|a d
040 ## - CATALOGING SOURCE
- Original cataloging agency: NUST
- Transcribing agency: NUST
100 ## - HEADING--PERSONAL NAME
- Personal name: PROJECT SUPERVISORS DR. HASAN AFTAB SAEED YASSER RIAZ AWAN
670 ## - SOURCE DATA FOUND
- Source citation: Work cat.: (NUST): MUHAMMAD SHAHZAIB BUTT MUHAMMAD ABDULLAH ASHRAF LAL NABI MUHAMMAD HASSAAN AHMED 71085, PR-SOF-1710-DESIGN AND FABRICATION OF UPPER-BODY EXOSKELETON FOR RIGHT ARM'S STRENGTH AUGMENTATION, 2018
